000 00508nam a2200193Ia 4500
003 GCL
008 140319s9999 xx 000 0 eng d
040 _aGCL /
_cGCL
082 0 4 _a519.5
_bG B
100 1 _aTABAK, DANIEL
245 1 0 _aBUSINESS STATISTICS: A DECISION MAKING APPROACH /
_cTABAK, DANIEL
260 _a[S.N] :
_bACADEMY EDITIONS ،
_c1993
300 _a190 P
650 0 4 _aSTATISTICS
650 0 4 _aBUSINESS
650 0 4 _aDECISION - MAKING
650 0 4 _aBUSINESS SKILLS
942 _2ddc
_cBK
999 _c19433
_d19433